000 01105nam a2200253Ia 4500
001 201.9-CAT je es (8706)
003 IT-MiSPE
008 171229s9999||||xx |||||||||||||| ||und||
040 _aIT-MiSPE
_cIT-MiSPE
041 _aITALIANO
100 _aJean-François Catalan
240 _aExpérience spirituelle et psychologie
245 0 _aEsperienza spirituale e psicologia
250 _a1a ed. (v)
260 _aCinisello B.mo
_bEd. Paoline
_c1993
300 _a149 p.
_c21 cm
490 _aPsicologia
_v3
500 _aPsicologia religiosa
501 _aEdizioni San Paolo srl - Piazza Soncino, 5 - 20092 CINISELLO BALSAMO (MI) (non commercial uses only) ® Copyright 2018
700 _aAda Pascoli Balzanelli
_g(traduzione)
942 _cBK
957 _71
999 _a6717
_bNO
_g Copie: 1
_c337381
_d337381